| 000 | 00537nam a2200145Ia 4500 | ||
|---|---|---|---|
| 008 | 230917s9999||||xx |||||||||||||| ||und|| | ||
| 040 |
_e162854 _aMAIN |
||
| 041 | _aEnglish | ||
| 082 | _a891.4317109 SS98:PD | ||
| 100 | _aसिंह, दौलत पालीवाल | ||
| 245 | 0 | _aसर्वेश्वर दयाल सकसेना का काव्य संवेदना और शिल्प | |
| 260 |
_aदिल्ली _bभावना प्रकाशन _c2008 |
||
| 300 | _a240पृ. p. | ||
| 942 | _cHN | ||
| 999 |
_c149584 _d149584 |
||